000 00271nam a22001217a 4500
020 _a0-7214-1662-4
082 _a823
_bHAR/A
100 _aHARDING, JACQUELINE
245 _aABOUT WHEELS
260 _aUSA
_bLADYBIRD
_c1994
650 _aENGLISH SHORT STORY
_zUSA
942 _cBK
999 _c1911
_d1911